[Event "BCF-chT4S 1718 (4NCL)"]
[Site "England"]
[Date "2018.02.10"]
[Round "5.113"]
[White "Kadambadi, Nikhil"]
[Black "Brown, Alan M"]
[Result "0-1"]
[WhiteElo "1651"]
[BlackElo "1968"]
[PlyCount "128"]
[EventDate "2017.11.11"]
[EventType "team-swiss"]
[EventRounds "11"]
[EventCountry "ENG"]
[SourceTitle "EXT 2020"]
[Source "ChessBase"]
[SourceDate "2019.10.17"]
[SourceVersion "1"]
[SourceVersionDate "2019.10.17"]
[SourceQuality "1"]
[WhiteTeam "Camberley Juniors"]
[BlackTeam "MK Phoenix II"]
[WhiteTeamCountry "ENG"]
[BlackTeamCountry "ENG"]

1. e4 e6 2. d4 d5 3. e5 c5 4. c3 Qb6 5. Nf3 Nc6 6. a3 c4 7. Be2 Bd7 8. 0-0 Na5 9. Nbd2 Ne7 10. Re1 Nf5 11. g4 Ne7 12. Rb1 Ng6 13. Nf1 Bxa3 14. Bg5 Bf8 15. Ng3 h6 16. Be3 Be7 17. Nh5 Rg8 18. Bf1 Nf8 19. Bg2 Nb3 20. Qe2 Ba4 21. Nd2 Nxd2 22. Qxd2 Qb3 23. Rec1 Nd7 24. g5 0-0-0 25. g6 fxg6 26. Nf4 Nf8 27. Bh3 Bd7 28. Ra1 a6 29. Bg4 Kb8 30. Bd1 Qb6 31. Rcb1 Bb5 32. b3 Qc6 33. Bf3 Rc8 34. b4 g5 35. Ng2 Ng6 36. Qc2 Nh4 37. Nxh4 gxh4 38. Qg6 Rce8 39. Bg4 Bd8 40. Kh1 Qd7 41. f4 Rgf8 42. Rf1 Qe7 43. Rg1 Bd7 44. Bh5 Rg8 45. Ra2 Ref8 46. Bg4 Qf7 47. Qxf7 Rxf7 48. Bh5 Re7 49. Bf2 Be8 50. Bg4 g5 51. fxg5 hxg5 52. Bh3 Bg6 53. Be3 Ree8 54. Rf2 Bh5 55. Bg4 Bxg4 56. Rxg4 Ref8 57. Kg2 Rxf2+ 58. Bxf2 Rf8 59. Be3 Rf5 60. Kg1 Kc7 61. Rg2 Kc6 62. Rf2 Rxf2 63. Kxf2 g4 64. Bd2 Kb5 0-1

[Event "Gibraltar U16 op"]
[Site "Caleta"]
[Date "2017.08.19"]
[Round "3"]
[White "Diaz Mino, Pablo"]
[Black "Kadambadi, Nikhil"]
[Result "1-0"]
[WhiteElo "2014"]
[BlackElo "1655"]
[PlyCount "95"]
[EventDate "2017.08.18"]
[EventType "swiss"]
[EventRounds "6"]
[EventCountry "GGB"]
[SourceTitle "CBM 180 Extra"]
[Source "ChessBase"]
[SourceDate "2017.10.06"]
[SourceVersion "1"]
[SourceVersionDate "2017.10.06"]
[SourceQuality "1"]

1. d4 d5 2. c4 e6 3. Nc3 c5 4. cxd5 exd5 5. dxc5 d4 6. Ne4 Bf5 7. Ng3 Bg6 8. e3 Bxc5 9. exd4 Qxd4 10. Qxd4 Bxd4 11. Nf3 Bf6 12. Bb5+ Nc6 13. h4 h6 14. h5 Bh7 15. 0-0 Nge7 16. Rd1 Rd8 17. Rxd8+ Kxd8 18. Bc4 Rf8 19. Bf4 Kc8 20. Re1 Bxb2 21. Ne4 Nf5 22. g4 Nfd4 23. Nd6+ Kd7 24. Nxd4 Nxd4 25. Kg2 Ne6 26. Bg3 Nc5 27. Bb5+ Kd8 28. Nc4 Bd3 29. Bd6 Bxc4 30. Bxc4 Re8 31. Rxe8+ Kxe8 32. Bxc5 b6 33. Be3 Ke7 34. Kf3 f6 35. Ke4 Kd6 36. Bb3 Kc6 37. Kf5 a5 38. Kg6 b5 39. Kxg7 f5+ 40. Kxh6 fxg4 41. Kg5 a4 42. Bf7 Kd7 43. Kxg4 Ke7 44. Bg6 b4 45. Bc5+ Ke6 46. Bxb4 Bd4 47. f4 Kf6 48. Bc2 1-0

[Event "BCF-chT4S 1617 (4NCL)"]
[Site "England"]
[Date "2016.11.27"]
[Round "2.113"]
[White "Kadambadi, Nikhil"]
[Black "Ethelontis, Alexandros N"]
[Result "0-1"]
[WhiteElo "1862"]
[BlackElo "2140"]
[PlyCount "40"]
[EventDate "2016.11.26"]
[EventType "team-swiss"]
[EventRounds "11"]
[EventCountry "ENG"]
[SourceTitle "EXT 2019"]
[Source "ChessBase"]
[SourceDate "2018.10.10"]
[SourceVersion "1"]
[SourceVersionDate "2018.10.10"]
[SourceQuality "1"]
[WhiteTeam "Sandhurst Cadets"]
[BlackTeam "Barnet Knights"]
[WhiteTeamCountry "ENG"]
[BlackTeamCountry "ENG"]

1. e4 e6 2. d4 d5 3. e5 c5 4. c3 Nc6 5. Nf3 Nh6 6. a3 f6 7. Bd3 Nf7 8. Qe2 Bd7 9. 0-0 c4 10. Bc2 f5 11. Nbd2 Be7 12. h3 b5 13. a4 a6 14. b3 g6 15. Nh2 b4 16. cxb4 cxb3 17. Ndf3 bxc2 18. Qxc2 Nxb4 19. Qe2 Bc6 20. Ba3 a5 0-1

[Event "BCF-ch U13"]
[Site "Coventry"]
[Date "2015.07.29"]
[Round "4"]
[White "Lutchman Singh, Karanvir"]
[Black "Kadambadi, Nikhil"]
[Result "1-0"]
[WhiteElo "1461"]
[BlackElo "1600"]
[PlyCount "118"]
[EventDate "2015.07.27"]
[EventType "swiss"]
[EventRounds "7"]
[EventCountry "ENG"]
[SourceTitle "CBM 167 Extra"]
[Source "ChessBase"]
[SourceDate "2015.09.14"]
[SourceVersion "1"]
[SourceVersionDate "2015.09.14"]
[SourceQuality "1"]

1. e4 c5 2. Nf3 d6 3. c3 Nf6 4. e5 dxe5 5. Nxe5 e6 6. d4 Bd6 7. Bb5+ Nbd7 8. 0-0 0-0 9. Bxd7 Nxd7 10. Nc4 Bc7 11. Qg4 Nf6 12. Qh4 cxd4 13. cxd4 h6 14. Nc3 b6 15. Ne5 Bb7 16. Re1 Nd5 17. Qg4 Kh8 18. Qh5 Bxe5 19. Rxe5 Nf6 20. Qh4 Nd7 21. Bg5 f6 22. Bxh6 Nxe5 23. dxe5 Kg8 24. Rd1 Qe7 25. exf6 Qxf6 26. Bg5 Qg6 27. Rd7 Bd5 28. h3 Rf5 29. Nxd5 exd5 30. Be3 Qe6 31. Rd8+ Rxd8 32. Qxd8+ Rf8 33. Qc7 Rf7 34. Qd8+ Rf8 35. Qc7 Qf7 36. Qc3 Qg6 37. Qb3 Rd8 38. Qa4 Qb1+ 39. Kh2 Qxb2 40. Qxa7 d4 41. Qe7 Rf8 42. Qe6+ Kh8 43. Qd6 Rxf2 44. Qd8+ Kh7 45. Qh4+ Kg8 46. Qxf2 Qxf2 47. Bxf2 d3 48. Be3 Kf7 49. Kg3 Kf6 50. Kf3 Ke5 51. Bxb6 Kd5 52. Ba5 Kc4 53. Bd2 Kb5 54. Ke3 Ka4 55. Kxd3 Ka3 56. Be3 Kxa2 57. Bd2 Kb3 58. Be3 Ka3 59. Bd2 Ka2 1-0

[Event "BCF-ch U13"]
[Site "Coventry"]
[Date "2015.07.28"]
[Round "2"]
[White "Willow, Jonah B"]
[Black "Kadambadi, Nikhil"]
[Result "1-0"]
[WhiteElo "1918"]
[BlackElo "1600"]
[PlyCount "35"]
[EventDate "2015.07.27"]
[EventType "swiss"]
[EventRounds "7"]
[EventCountry "ENG"]
[SourceTitle "CBM 167 Extra"]
[Source "ChessBase"]
[SourceDate "2015.09.14"]
[SourceVersion "1"]
[SourceVersionDate "2015.09.14"]
[SourceQuality "1"]

1. e4 c5 2. Nf3 d6 3. d4 cxd4 4. Nxd4 Nf6 5. Nc3 e5 6. Bb5+ Bd7 7. Bxd7+ Qxd7 8. Nde2 h6 9. 0-0 Be7 10. Ng3 0-0 11. Nf5 Nc6 12. Nd5 h5 13. Nxf6+ Bxf6 14. Qxh5 Ne7 15. g4 Ng6 16. Rd1 Qc6 17. g5 Be7 18. Qxg6 1-0